| 000 | 00923nas a2200301 4500 | ||
|---|---|---|---|
| 001 | BR2011002313 | ||
| 003 | BR-BrBNA | ||
| 005 | 20231205114938.0 | ||
| 007 | ta | ||
| 008 | 230509b bl.|||p| |||| 00| 00por d | ||
| 040 |
_aBR-BrBNA _bpor _cBiblioteca Nacional de Agricultura |
||
| 041 | _a(Pt) | ||
| 072 | _aL10 | ||
| 100 | 1 | _aCarvalho, J. de C. | |
| 100 | 1 | _aSartori, R. | |
| 100 | 1 | _aLemes, A.P. | |
| 100 | 1 | _aMourão, G.B. | |
| 100 | 1 | _aDode, M.A.N. | |
| 245 | 1 | _aCinética de espermatozoides criopreservados de bovinos após sexagem por citometria de fluxo | |
| 650 | _aBOVINO | ||
| 650 | _aSÊMEN | ||
| 650 | _aESPERMATOZOIDE | ||
| 650 | _aMELHORAMENTO GENÉTICO ANIMAL | ||
| 650 | _aREPRODUÇÃO ANIMAL | ||
| 773 | 0 |
_tPesquisa Agropecuária Brasileira (Brazil) _xISSN 0100-204X _g(Oct 2009), v.44(10) p. 1346-1351 _wBR2011002313 |
|
| 909 |
_a202311 _bLúcia _c55 _dLúcia Elande |
||
| 942 |
_2AGRIS _n0 _cANA |
||
| 999 |
_c211361 _d211361 |
||